000
00273nam a2200097Ia 4500
082
_a
658.422 MAHO
245
0
_a
How to do board evaluations
100
_a
Mahony, Pat Claremont, South Africa, 2012
_9
67652
942
_c
BK
008
210817s9999 xx 000 0 und d
999
_c
218232
_d
218230